000 01632nam a2200337 i 4500
003 EG-GICUC
005 20260326171226.0
008 260326s1992 ua ||||fr|||| 00| 0 ara d
040 _a EG-GICUC
_bara
_c EG-GICUC
_d EG-GICUC
_erda
041 _aara
082 0 4 _221
_a343.411
_bج م . ج
092 0 4 _221
099 _aLaw1 10 343.411 ج م . ج 1992
100 0 _aجميل عبدالباقى الصغير
_eمؤلف.
245 1 2 _aالجوانب الجنائية فى قانون شركات قطاع الأعمال العام :
_bفى ضوء أحكام القانون رقم 2003 لسنة 1991 /
_cتقرير مقدم من الدكتور / جميل عبدالباقى الصغير.
264 1 _aلا يوجد مكان نشر محدد :
_bلا يوجد ناشر محدد،
_c1992.
300 _a52 صفحة ;
_c24 سم.
336 _2rda content
_atext
337 _2rda media
_aComputer
338 _2rda carrier
_aOnline Resource
500 _aالى المؤتمر المنعقد حول قانون شركات قطاع الأعمال العام "قانون رقم 203 لسنة 1992" الساحل الشمالى من 19-24 يونيو 1992.
504 _aيشتمل على إرجاعات ببليوجرافية.
546 _aالنص باللغة العربية
650 1 _aالقانون الجنائي
650 1 _aالتشريعات الجنائية الخاصة
650 1 _aقانون العقوبات الإقتصادي
650 1 _aقانون شركات قطاع الأعمال العام
856 4 0 _uhttps://fll.law.cu.edu.eg/fulltext/bks/B10-06156.pdf
905 _a43
942 _2ddc
_n0
_cBK
_e21
999 _c67015
_d67015